| 000 | 00335nam a2200121 a 4500 | ||
|---|---|---|---|
| 008 | 110519s1971|||| d | ||
| 245 | 1 | 0 |
_aŽivot zvierat v štyroch zväzkoch _bII. Ryby,obojživelníky,plazy |
| 020 | _c60 | ||
| 044 |
_axo _cSK |
||
| 041 | _aslo | ||
| 260 |
_bObzor _aBratislava _c1971 |
||
| 100 | 1 | _aBrehm, Alfred, Edmund | |
| 999 |
_c19725 _d19725 |
||